000 00916nam a2200265Ia 4500
003 OSt
005 20221005112858.0
006 a|||||r|||| 00| 0
007 ta
008 221004b |||||||| |||| 00| 0 pan d
020 _a9789386837066 (hbk)
_cINR 550.00
024 _a38451
037 _b1025, 12/03/2018, H.K. Prakashan
_cTextual
040 _aCRL
_cCRL
_bpan
041 _2pan
_apan
082 _aO153,3NVAx, Q7
100 _aਵਾਸਿFਠ, ਅFੋਕ, ਂਚ.
_9624396
245 0 _aਤੇਰੇ ਨਾਲ
260 _aਦਿੱਲੀ
_bਐਵਿਸ ਪਬਲਿਕੇFਗ਼ ਭਾਰਤ
_c2017
300 _a336ਪ੍ਰ0
_ccm.
650 _a ਪੰਜਾਬੀ ਕਹਾਣੀ
650 _aਪੰਜਾਬੀ ਸਾਹਿਤ
942 _hO153,3NVAx, Q7
_cTEXL
_2cc
999 _c1026291
_d1026291